|
|
|
|
| LEADER |
01457nam a2200337 a 4500 |
| 001 |
4036912 |
| 008 |
100308s2009 njua 000 0 eng d |
| 010 |
|
|
|a \\98068360
|
| 020 |
|
|
|a 0878916377
|
| 020 |
|
|
|a 9780878916375
|
| 040 |
|
|
|a DLC
|c DLC
|d DLC
|d BD-DhAAL
|
| 082 |
0 |
0 |
|a 510/.76
|2 22
|
| 245 |
0 |
4 |
|a The best test preparation for the GRE graduate record examination mathematics test /
|c Om Prakash Agrawal ... [et al.].
|
| 250 |
|
|
|a 4th ed.
|
| 246 |
3 |
0 |
|a Best test preparation for the GRE mathematics test
|
| 246 |
1 |
8 |
|a GRE mathematics test
|
| 260 |
|
|
|a Piscataway, N.J. :
|b Research and Education Association,
|c c2009.
|
| 300 |
|
|
|a 1 v. (various pagings) :
|b ill. ;
|c 26 cm.
|
| 490 |
0 |
|
|a REA test preps
|
| 541 |
1 |
|
|e 00019838
|
| 650 |
|
0 |
|a Mathematics
|v Examinations, questions, etc.
|
| 650 |
|
0 |
|a Graduate Record Examination
|v Study guides.
|
| 700 |
1 |
|
|a Agrawal, Om Prakash,
|c Ph. D.
|
| 700 |
1 |
|
|a Elsner, Thomas E.
|
| 700 |
1 |
|
|a Robertson, John S.
|
| 700 |
1 |
|
|a Samples, Jerry.
|
| 700 |
1 |
|
|a Wilson, J. Terry.
|
| 852 |
4 |
|
|a Ayesha Abed Library
|j General Shelf
|
| 999 |
|
|
|c 7724
|d 7724
|
| 952 |
|
|
|0 0
|1 2
|2 ddc
|4 0
|6 510_760000000000000_BES
|7 0
|9 8484
|a BRACUL
|b BRACUL
|c GEN
|d 2010-03-08
|l 12
|m 32
|o 510.76 BES
|p 3010019838
|q 2018-03-13
|r 2016-08-31
|s 2016-08-31
|t 2
|w 2010-03-08
|y BK
|
| 952 |
|
|
|0 0
|1 4
|2 ddc
|4 0
|6 510_760000000000000_BES
|7 0
|9 8528
|a BRACUL
|b BRACUL
|c GEN
|d 2010-03-09
|l 1
|m 4
|o 510.76 BES
|p 3010019837
|r 2010-06-07
|s 2010-05-05
|t 1
|w 2010-03-09
|y BK
|x Koha Inventory 2020
|